000 00400 a2200109 4500
245 _aHormones and Cell Regulation cellulaire, 4 : Procedings of the 14 th INSERM European Symposium on Hormones and Cell Regulation, held at Mont Sainte - Odile, 25-28 Septembre 1989
100 _aINSERM Symposium
260 _c1989
300 _aXVII-124 p.
999 _c16710
_d16710